| 000 | 00902nas a2200289 4500 | ||
|---|---|---|---|
| 001 | BR2012004392 | ||
| 003 | BR-BrBNA | ||
| 005 | 20231205120734.0 | ||
| 007 | ta | ||
| 008 | 230509b bl.|||p| |||| 00| 00por d | ||
| 040 |
_aBR-BrBNA _bpor _cBiblioteca Nacional de Agricultura |
||
| 041 | _a(Es) | ||
| 072 | _aF70 | ||
| 100 | 1 | _aDelfino, L. | |
| 100 | 1 | _aPineiro, V. | |
| 100 | 1 | _aMai, P. | |
| 100 | 1 | _aMourelle, D. | |
| 100 | 1 | _aGaray, A. | |
| 100 | 1 | _aGuido, A. | |
| 245 | 1 | _aFlorística y fitosociologia del bosque psamófilo en tres sectores de la costa de uruguay, a lo largo del gradiente fluvio-marino | |
| 650 | _aTAXONOMIA VEGETAL | ||
| 650 | _aCOMPOSIÇÃO BOTÂNICA | ||
| 650 | _aURUGUAI | ||
| 773 | 0 |
_tIheringia. Série Botânica (Brazil) _xISSN 0073-4705 _g(Dec 2011), v. 66(2) p. 175-188 _wBR2012004392 |
|
| 909 |
_a202311 _bLúcia _c55 _dLúcia Elande |
||
| 942 |
_2AGRIS _n0 _cANA |
||
| 999 |
_c220048 _d220048 |
||